[Event "59581 I. Budapest Open"]
[Site "Budapest, Hungary"]
[Date "2011.08.27"]
[Round "8.15"]
[White "Nebenfuhrer, Gyorgy"]
[Black "Bartuszek, Andras"]
[Result "0-1"]
[WhiteElo "1605"]
[BlackElo "1883"]
[PlyCount "88"]
[EventDate "2011.??.??"]
 
1. d4 Nf6 2. Nc3 d5 3. Bf4 c5 4. Nf3 Nc6 5. e3 a6 6. Be2 Bf5 7. dxc5 e6 8. Nd4
Bxc5 9. Nxf5 exf5 10. Bf3 Bb4 11. O-O Bxc3 12. bxc3 Ne4 13. Bxe4 dxe4 14. Bd6
Qf6 15. Qd2 O-O-O 16. Rfd1 Rd7 17. c4 Rhd8 18. c5 g5 19. Rab1 f4 20. Rb6 fxe3
21. Qxe3 Qf4 22. Qa3 Rxd6 23. cxd6 Qg4 24. Rdb1 Qd7 25. Rxa6 Qxd6 26. Ra8+ Kc7
27. Rxb7+ Kxb7 28. Qa6+ Kc7 29. Rxd8 Qxd8 30. Qe2 Qd4 31. h3 f5 32. Qh5 Qg7 33.
a4 Qe7 34. Qh6 f4 35. Qh5 e3 36. Qe2 Qc5 37. fxe3 fxe3 38. Kh1 Qd4 39. Kg1 Qf4
40. c3 Ne7 41. c4 Nf5 42. Qc2 Qd4 43. Qe2 Qd2 44. Qg4 e2 0-1

[Event "59581 I. Budapest Open"]
[Site "Budapest, Hungary"]
[Date "2011.08.27"]
[Round "8.16"]
[White "Balla, Attila"]
[Black "Pollak, Andras"]
[Result "1-0"]
[WhiteElo "1722"]
[BlackElo "1700"]
[PlyCount "57"]
[EventDate "2011.??.??"]
 
1. d4 d5 2. c4 c6 3. Nf3 Nf6 4. Nc3 Bf5 5. Qb3 Qc8 6. cxd5 cxd5 7. Nxd5 Nxd5 8.
Qxd5 e6 9. Qb3 Bd6 10. Bd2 O-O 11. Rc1 Qd7 12. e3 Be4 13. Bd3 Bd5 14. Qc2 g6
15. e4 Bc6 16. Bc3 Bf4 17. Bd2 Bd6 18. Bh6 Bb4+ 19. Ke2 Re8 20. a3 Be7 21. h4
Bf8 22. Qd2 Bg7 23. Bxg7 Kxg7 24. h5 Bb5 25. hxg6 Bxd3+ 26. Qxd3 fxg6 27. Ne5
Qd8 28. Qh3 h5 29. Qg3 1-0

[Event "59581 I. Budapest Open"]
[Site "Budapest, Hungary"]
[Date "2011.08.27"]
[Round "8.17"]
[White "Toth, Antal"]
[Black "Falucskai, Istvan Roland"]
[Result "0-1"]
[WhiteElo "1668"]
[BlackElo "1715"]
[PlyCount "82"]
[EventDate "2011.??.??"]
 
1. e4 e5 2. Nf3 Nc6 3. Bb5 a6 4. Ba4 Nf6 5. O-O Be7 6. Re1 d6 7. c3 Bg4 8. h3
Bh5 9. d4 O-O 10. d5 Nb8 11. Qd3 c6 12. dxc6 bxc6 13. Nbd2 Qc7 14. Nh4 Re8 15.
Nf5 Bf8 16. Ng3 Bg6 17. Qf1 Nbd7 18. Bc2 d5 19. Bd3 Nc5 20. Bb1 a5 21. exd5
cxd5 22. Bxg6 hxg6 23. Nf3 Nce4 24. Nxe4 Nxe4 25. Nd2 Nf6 26. Nf3 a4 27. Be3 a3
28. Bc1 axb2 29. Bxb2 Ba3 30. Qe2 Bxb2 31. Qxb2 Ne4 32. Rec1 Rec8 33. Rc2 Nxc3
34. Rxc3 Qxc3 35. Qxc3 Rxc3 36. Nxe5 Rca3 37. Rd1 Rxa2 38. Rxd5 Re2 39. Kf1
Raa2 40. g4 Rxf2+ 41. Ke1 Rh2 0-1

[Event "59581 I. Budapest Open"]
[Site "Budapest, Hungary"]
[Date "2011.08.27"]
[Round "8.19"]
[White "Bodrogi, Laszlo"]
[Black "Vinnay, Istvan"]
[Result "1-0"]
[WhiteElo "2035"]
[BlackElo "1720"]
[PlyCount "57"]
[EventDate "2011.??.??"]
 
1. d4 d5 2. c4 c6 3. Nc3 Nf6 4. Bg5 e6 5. e4 Be7 6. e5 Nfd7 7. Bxe7 Qxe7 8. f4
dxc4 9. Bxc4 Nb6 10. Bb3 O-O 11. Nf3 c5 12. Ne4 cxd4 13. Qxd4 Nc6 14. Qd6 Rd8
15. Qxe7 Nxe7 16. Nd6 Nbd5 17. Ng5 Rf8 18. O-O h6 19. Nge4 b6 20. Rac1 Ba6 21.
Rf2 Rfd8 22. g3 Rab8 23. Rd2 Rd7 24. a3 Bb7 25. Ba4 Rc7 26. Rxc7 Nxc7 27. Nxb7
Rxb7 28. Rd8+ Kh7 29. Nd6 1-0

[Event "59581 I. Budapest Open"]
[Site "Budapest, Hungary"]
[Date "2011.08.27"]
[Round "8.20"]
[White "Czimer, Jozsef"]
[Black "Nemeth, Jozsef"]
[Result "1-0"]
[WhiteElo "1750"]
[BlackElo "1671"]
[PlyCount "109"]
[EventDate "2011.??.??"]
 
1. e4 c5 2. Nf3 Nc6 3. d4 cxd4 4. Nxd4 Nf6 5. Nc3 g6 6. Be3 a6 7. Be2 Bg7 8.
Qd2 O-O 9. O-O-O d6 10. f3 Nxd4 11. Bxd4 b5 12. Kb1 Be6 13. b3 Qa5 14. Nd5 Qxd2
15. Nxe7+ Kh8 16. Rxd2 Bd7 17. Nd5 Ne8 18. Rhd1 Bxd4 19. Rxd4 Be6 20. Nf4 Bc8
21. Kb2 f5 22. exf5 Rxf5 23. Nd3 Bb7 24. Rf4 Kg7 25. Rxf5 gxf5 26. Nf4 Kf6 27.
g3 d5 28. Nxd5+ Bxd5 29. Rxd5 Ke6 30. f4 Nd6 31. Re5+ Kf6 32. Bf3 Rd8 33. a3 a5
34. Kc3 Rc8+ 35. Kd2 a4 36. Bd5 Re8 37. Rxe8 Nxe8 38. bxa4 bxa4 39. Bc6 Nd6 40.
Kd3 h5 41. Bxa4 Ne4 42. Kd4 Nd2 43. Be8 Nf3+ 44. Ke3 Nxh2 45. Bxh5 Nf1+ 46. Kf2
Nd2 47. Bf3 Ke6 48. a4 Nc4 49. Bc6 Kd6 50. Bb5 Na3 51. c4 Kc5 52. g4 fxg4 53.
Kg3 Kb6 54. f5 Nc2 55. Kxg4 1-0

[Event "59581 I. Budapest Open"]
[Site "Budapest, Hungary"]
[Date "2011.08.27"]
[Round "8.21"]
[White "Kokeny, Norbert Adrian"]
[Black "Karacsonyi, Gellert"]
[Result "1-0"]
[WhiteElo "1574"]
[BlackElo "1269"]
[PlyCount "113"]
[EventDate "2011.??.??"]
 
1. e4 e6 2. d3 d5 3. Nd2 Nc6 4. Ngf3 Bd6 5. g3 Nf6 6. Bg2 O-O 7. O-O e5 8. Re1
Re8 9. Nf1 Bc5 10. Bg5 Be6 11. c3 d4 12. c4 h6 13. Bd2 Nb4 14. Bc1 a5 15. Nxe5
c6 16. a3 Na6 17. Bd2 Rb8 18. Rb1 Qd6 19. Bf4 g5 20. Nxf7 Qf8 21. Bxb8 Bxf7 22.
e5 Bh5 23. Qd2 Nxb8 24. exf6 Qxf6 25. Rxe8+ Bxe8 26. Qxa5 b6 27. Qd2 Nd7 28.
Qe2 Ne5 29. Re1 Bd6 30. b4 c5 31. bxc5 bxc5 32. Nd2 Bg6 33. Be4 Bxe4 34. Qxe4
Kg7 35. a4 h5 36. a5 Ng4 37. Rf1 h4 38. Qxg4 hxg3 39. hxg3 Qe7 40. Ne4 Kg6 41.
a6 Bb8 42. Qc8 Be5 43. Qb7 Qxb7 44. axb7 g4 45. Nxc5 Bd6 46. Re1 Kf7 47. Re6
Bb8 48. Nd7 Kxe6 49. Nxb8 Kd6 50. Na6 Kc6 51. b8=Q Kd7 52. Qc7+ Ke6 53. Nc5+
Kf5 54. Qf7+ Kg5 55. Ne6+ Kh6 56. Qg7+ Kh5 57. Qg5# 1-0

[Event "59581 I. Budapest Open"]
[Site "Budapest, Hungary"]
[Date "2011.08.27"]
[Round "8.22"]
[White "Mihajlova, Diana"]
[Black "Moharos, Viktor"]
[Result "0-1"]
[WhiteElo "1443"]
[BlackElo "1523"]
[PlyCount "102"]
[EventDate "2011.??.??"]
 
1. e4 e6 2. d4 c6 3. Nf3 Ne7 4. c4 Ng6 5. e5 Na6 6. a3 Nc7 7. Nbd2 Be7 8. Ne4
d5 9. exd6 Bxd6 10. Nxd6+ Qxd6 11. c5 Qd8 12. Bg5 f6 13. Be3 O-O 14. Bd3 Qe8
15. O-O Nd5 16. Bd2 f5 17. Ng5 Ngf4 18. Bc2 Qg6 19. Qf3 Qxg5 20. Rad1 Rf6 21.
g3 Nh3+ 22. Kh1 f4 23. gxf4 Ndxf4 24. Bxf4 Nxf4 25. Rg1 Qh6 26. Rg3 Bd7 27. Re1
Raf8 28. Reg1 Nh5 29. Qxh5 Qxh5 30. Rxg7+ Kh8 31. Rxd7 Rh6 32. Rg2 Qe2 33. f4
Qf3 34. Rdg7 Qxg2+ 35. Rxg2 Rxf4 36. Kg1 Rxd4 37. Bb3 Re4 38. Bc2 Rc4 39. b4
Rh3 40. Rf2 Rxa3 41. Rd2 Rg4+ 42. Kf2 Rf4+ 43. Kg2 e5 44. Rd8+ Kg7 45. Re8 Re3
46. Re7+ Kf6 47. Rxb7 Re2+ 48. Kg3 Rxc2 49. Rxh7 Rc3+ 50. Kg2 Rxb4 51. Kf1 Rb2
0-1

[Event "59581 I. Budapest Open"]
[Site "Budapest, Hungary"]
[Date "2011.08.27"]
[Round "8.23"]
[White "Horvath, Zoltan"]
[Black "Indig, Akos"]
[Result "1-0"]
[WhiteElo "1513"]
[BlackElo "1373"]
[PlyCount "79"]
[EventDate "2011.??.??"]
 
1. e4 e5 2. Nf3 Nc6 3. Bb5 a6 4. Ba4 Nf6 5. O-O Be7 6. Re1 b5 7. Bb3 O-O 8. c3
d6 9. h3 Bd7 10. d4 Re8 11. Ng5 Rf8 12. Nd2 Qc8 13. Nf1 h6 14. Nf3 Bxh3 15.
gxh3 Qxh3 16. N1h2 Qh5 17. Kf1 Qh3+ 18. Kg1 Qh5 19. Bc2 Qg6+ 20. Kf1 Na5 21. b3
c5 22. d5 b4 23. c4 Nb7 24. Re3 Nh5 25. Ke2 Nf4+ 26. Kd2 Qg2 27. Qg1 Qxg1 28.
Nxg1 Bg5 29. Kd1 g6 30. Nh3 Nxh3 31. Rxh3 Bxc1 32. Rxc1 Kg7 33. Ke2 f5 34. exf5
gxf5 35. Rg1+ Kh7 36. Rg5 e4 37. f3 Rae8 38. fxe4 Rf6 39. Rgh5 f4 40. e5+ 1-0

[Event "59581 I. Budapest Open"]
[Site "Budapest, Hungary"]
[Date "2011.08.28"]
[Round "9.1"]
[White "Teglas, Balazs"]
[Black "Farkas, Richard"]
[Result "1/2-1/2"]
[WhiteElo "2207"]
[BlackElo "2039"]
[PlyCount "83"]
[EventDate "2011.??.??"]
 
1. d4 Nf6 2. Bf4 g6 3. e3 Bg7 4. h3 O-O 5. Nf3 d6 6. Be2 c6 7. O-O Nbd7 8. c3
Qc7 9. a4 b6 10. Na3 Bb7 11. Nc4 a6 12. Re1 c5 13. Rc1 Bc6 14. b4 b5 15. Na5 c4
16. Nxc6 Qxc6 17. Ra1 Nb6 18. a5 Nbd5 19. Qc2 Nxf4 20. exf4 e6 21. Nd2 Ra7 22.
Bf3 d5 23. g3 Re7 24. Bg2 Rfe8 25. Nf3 Qc7 26. Ne5 Nd7 27. h4 f6 28. Nxd7 Qxd7
29. Rad1 Kf7 30. h5 f5 31. Bf3 Bf6 32. Kg2 Rh8 33. Rh1 Qc8 34. Rh3 Ree8 35.
Rdh1 Reg8 36. Qd1 Ke7 37. hxg6 hxg6 38. Rh7+ Rxh7 39. Rxh7+ Bg7 40. Qe2 Kf8 41.
Qe1 Rh8 42. Rxh8+ 1/2-1/2

[Event "59581 I. Budapest Open"]
[Site "Budapest, Hungary"]
[Date "2011.08.28"]
[Round "9.2"]
[White "Halak, Miklos"]
[Black "Koczo, Kristof"]
[Result "1-0"]
[WhiteElo "2033"]
[BlackElo "2242"]
[PlyCount "91"]
[EventDate "2011.??.??"]
 
1. e4 c6 2. d4 d5 3. Nc3 dxe4 4. Nxe4 Nd7 5. Nf3 Ngf6 6. Ng3 e6 7. Bc4 Nb6 8.
Bb3 c5 9. c3 Bd7 10. Qe2 Be7 11. O-O O-O 12. Re1 Bc6 13. Be3 Nbd5 14. Bd2 cxd4
15. Nxd4 Bc5 16. Nxc6 bxc6 17. c4 Nb4 18. Bc3 Qd3 19. Rad1 Qxe2 20. Rxe2 Rfd8
21. Red2 Rxd2 22. Rxd2 Be7 23. Bxf6 Bxf6 24. Ne4 Be5 25. Nc5 Rc8 26. a3 Nd5 27.
cxd5 cxd5 28. Nd3 Bf6 29. Rc2 Rb8 30. Ba4 g5 31. b4 Bd4 32. Kf1 Kg7 33. Bc6 Kf6
34. b5 Ke7 35. Nb4 Kd6 36. Ke2 Bb6 37. a4 Ba5 38. Na6 Rc8 39. Nc5 Bb4 40. Nb7+
Ke5 41. Kd3 f5 42. Re2+ Kf6 43. Kd4 a5 44. Nc5 e5+ 45. Kxd5 e4 46. b6 1-0

[Event "59581 I. Budapest Open"]
[Site "Budapest, Hungary"]
[Date "2011.08.28"]
[Round "9.3"]
[White "Torok, Tamas Titusz"]
[Black "Szatmari, David"]
[Result "1-0"]
[WhiteElo "2059"]
[BlackElo "2021"]
[PlyCount "49"]
[EventDate "2011.??.??"]
 
1. e4 e6 2. c4 c5 3. Nf3 Nc6 4. Nc3 Nf6 5. d4 cxd4 6. Nxd4 a6 7. Nxc6 dxc6 8.
Qxd8+ Kxd8 9. Bg5 h6 10. O-O-O+ Bd7 11. Be3 b5 12. f3 e5 13. a3 Kc7 14. Be2 Bd6
15. Rd2 Be7 16. g4 Be6 17. Kb1 bxc4 18. Na4 Nd7 19. Rc1 Rab8 20. Bxc4 Bxc4 21.
Rxc4 Rb3 22. Bc5 Nxc5 23. Nxc5 Rxf3 24. Rd7+ Kb6 25. Rb7+ 1-0

[Event "59581 I. Budapest Open"]
[Site "Budapest, Hungary"]
[Date "2011.08.28"]
[Round "9.4"]
[White "Palla, Akos Botond"]
[Black "Barabas, Attila"]
[Result "1-0"]
[WhiteElo "1824"]
[BlackElo "2001"]
[PlyCount "75"]
[EventDate "2011.??.??"]
 
1. e4 e5 2. Nf3 d6 3. d4 exd4 4. Nxd4 Nf6 5. Nc3 Be7 6. Be2 Bd7 7. Be3 Nc6 8.
O-O O-O 9. f4 Nxd4 10. Bxd4 Bc6 11. Bf3 Re8 12. Qd3 Nd7 13. b4 a6 14. a4 b6 15.
b5 axb5 16. axb5 Bb7 17. e5 Bxf3 18. Qxf3 Rxa1 19. Rxa1 dxe5 20. fxe5 Bc5 21.
Bxc5 Nxe5 22. Qf2 bxc5 23. Qxc5 Ng4 24. h3 Ne3 25. Qc6 Nxc2 26. Rd1 Qe7 27. Nd5
Qe2 28. Rb1 Na3 29. Nxc7 Rb8 30. Ra1 Qe3+ 31. Kh1 h6 32. Nd5 Qb3 33. b6 Qc4 34.
Qd6 Re8 35. b7 Nb5 36. Qd7 Qe2 37. Qxe8+ Qxe8 38. Ra8 1-0

[Event "59581 I. Budapest Open"]
[Site "Budapest, Hungary"]
[Date "2011.08.28"]
[Round "9.5"]
[White "Mester, Attila"]
[Black "Medve, Mark"]
[Result "1-0"]
[WhiteElo "2119"]
[BlackElo "1635"]
[PlyCount "83"]
[EventDate "2011.??.??"]
 
1. e4 c5 2. Nf3 d6 3. d4 cxd4 4. Nxd4 Nf6 5. Nc3 a6 6. g3 e5 7. Nb3 Be7 8. Bg2
O-O 9. O-O Qc7 10. a4 Be6 11. Re1 Nbd7 12. Nd2 Rfd8 13. Nf1 Qc5 14. Ne3 b5 15.
Ncd5 Bxd5 16. exd5 Nb6 17. Nf5 Bf8 18. Bg5 Nbd7 19. Be3 Qc7 20. g4 Nc5 21. g5
Ne8 22. a5 g6 23. Ng3 f5 24. gxf6 Nxf6 25. b3 Bg7 26. h4 Rf8 27. Bh3 Kh8 28. h5
Nxh5 29. Nxh5 gxh5 30. Qxh5 Ne4 31. Bf5 Rxf5 32. Qxf5 Nf6 33. Bb6 Qc3 34. Rad1
Rf8 35. Re3 Qb4 36. Rh3 h6 37. Qg6 Qe4 38. Qxe4 Nxe4 39. c4 bxc4 40. bxc4 Nc3
41. Rxc3 e4 42. Bd4 1-0

[Event "59581 I. Budapest Open"]
[Site "Budapest, Hungary"]
[Date "2011.08.28"]
[Round "9.6"]
[White "Rajcsanyi, Peter"]
[Black "Yip, Michael"]
[Result "1/2-1/2"]
[WhiteElo "1896"]
[BlackElo "1982"]
[PlyCount "79"]
[EventDate "2011.??.??"]
 
1. e4 e6 2. d4 d5 3. Nc3 Bb4 4. a3 Bxc3+ 5. bxc3 dxe4 6. Qg4 Nf6 7. Qxg7 Rg8 8.
Qh6 Nbd7 9. Nh3 c5 10. Rb1 Rg6 11. Qd2 Qc7 12. Nf4 Rg8 13. Be2 b6 14. d5 exd5
15. Nxd5 Nxd5 16. Qxd5 Bb7 17. Qf5 Qe5 18. Qxe5+ Nxe5 19. Bf4 Nc6 20. O-O O-O-O
21. h3 Ne7 22. Bc4 Nd5 23. Bxd5 Bxd5 24. g3 Bc6 25. h4 Ba4 26. Rbc1 h5 27. Rfe1
f5 28. Re2 Rd7 29. Rd2 Rxd2 30. Bxd2 Rd8 31. Be3 Bb5 32. Kg2 Be2 33. Rb1 Kc7
34. Re1 Bf3+ 35. Kf1 Kc6 36. Rb1 a5 37. Ke1 a4 38. c4 Rd7 39. c3 Rd3 40. Bd2
1/2-1/2

[Event "59581 I. Budapest Open"]
[Site "Budapest, Hungary"]
[Date "2011.08.28"]
[Round "9.7"]
[White "Markos, Adam"]
[Black "Ruck, Robert"]
[Result "1/2-1/2"]
[WhiteElo "1942"]
[BlackElo "1930"]
[PlyCount "50"]
[EventDate "2011.??.??"]
 
1. e4 c5 2. Nf3 e6 3. d4 cxd4 4. Nxd4 a6 5. c4 Nf6 6. Bd3 Qc7 7. O-O Nc6 8. Nc2
Be7 9. b3 O-O 10. Bb2 Ne5 11. h3 Rd8 12. Nc3 b6 13. Nd4 Qd6 14. Be2 Ng6 15. Bf3
Rb8 16. a4 Qc7 17. g3 Bb7 18. Qe2 Bc5 19. Rfd1 d5 20. cxd5 exd5 21. exd5 Nxd5
22. Nxd5 Bxd5 23. Bxd5 Rxd5 24. Qf3 Rbd8 25. Nf5 Rd2 1/2-1/2

[Event "59581 I. Budapest Open"]
[Site "Budapest, Hungary"]
[Date "2011.08.28"]
[Round "9.8"]
[White "Krstulovic, Alex"]
[Black "Pammer-Zagroczky, Gabor"]
[Result "0-1"]
[WhiteElo "1597"]
[BlackElo "1937"]
[PlyCount "54"]
[EventDate "2011.??.??"]
 
1. d4 Nf6 2. c4 e5 3. dxe5 Ng4 4. Bf4 g5 5. Bg3 Nc6 6. Nf3 Bg7 7. Nc3 Ngxe5 8.
Nxe5 Nxe5 9. e3 d6 10. Be2 c6 11. O-O Be6 12. Ne4 d5 13. cxd5 Bxd5 14. Nc3 Be6
15. Qc2 O-O 16. Rfd1 Qe7 17. Rd2 f5 18. h3 f4 19. exf4 gxf4 20. Bh2 f3 21. Bxe5
Bxe5 22. Bxf3 Rxf3 23. gxf3 Bxh3 24. Kh1 Qh4 25. Qe4 Bf4 26. Rg1+ Bg4+ 27. Kg2
Qh3# 0-1

[Event "59581 I. Budapest Open"]
[Site "Budapest, Hungary"]
[Date "2011.08.28"]
[Round "9.9"]
[White "Kozma, Gabor"]
[Black "Farkas, Akos"]
[Result "1-0"]
[WhiteElo "1927"]
[BlackElo "1683"]
[PlyCount "73"]
[EventDate "2011.??.??"]
 
1. e4 c5 2. Nc3 d6 3. g3 Nc6 4. Bg2 Nf6 5. f4 Bg4 6. Nf3 Nd4 7. O-O e6 8. d3
Qb6 9. Kh1 Be7 10. h3 Nxf3 11. Bxf3 Bxh3 12. Rf2 h5 13. Rb1 Ng4 14. Bxg4 Bxg4
15. Qe1 h4 16. Rh2 h3 17. Be3 Bf6 18. Nd1 Bd4 19. Nf2 Bf3+ 20. Kg1 Bg2 21. c3
Bxe3 22. Qxe3 Qa6 23. a3 Qa4 24. Qe2 Rc8 25. f5 e5 26. Qg4 Qc2 27. Rd1 Rh7 28.
f6 Rc7 29. fxg7 Rxg7 30. Qxg7 Bf3 31. Qg8+ Ke7 32. Qg5+ Ke8 33. Re1 Qxb2 34.
Qc1 Qb5 35. Rxh3 c4 36. Re3 Bxe4 37. dxe4 1-0

[Event "59581 I. Budapest Open"]
[Site "Budapest, Hungary"]
[Date "2011.08.28"]
[Round "9.10"]
[White "Kozak, Adam"]
[Black "Kellerwessel, Ralf"]
[Result "1-0"]
[WhiteElo "1809"]
[BlackElo "1863"]
[PlyCount "91"]
[EventDate "2011.??.??"]
 
1. d4 Nf6 2. c4 e6 3. Nc3 Bb4 4. Qc2 b6 5. a3 Bxc3+ 6. Qxc3 Bb7 7. f3 d5 8. e3
Nbd7 9. b4 O-O 10. c5 c6 11. Bd3 Re8 12. f4 Ne4 13. Bxe4 dxe4 14. Nh3 Ba6 15.
Nf2 f5 16. Rb1 Nf6 17. a4 Nd5 18. Qc2 b5 19. a5 Qf6 20. Nd1 Rad8 21. Nc3 Nxf4
22. exf4 Qxd4 23. Ne2 Qd3 24. Qxd3 Rxd3 25. O-O Kf7 26. Bb2 Red8 27. Be5 Rd2
28. Nc3 h6 29. Rfd1 g5 30. Rxd2 Rxd2 31. g3 Bc8 32. Rd1 Rxd1+ 33. Nxd1 a6 34.
Kf2 Bd7 35. Ke3 g4 36. Kd4 Be8 37. Bc7 Kf6 38. Bd8+ Kf7 39. Ke5 Bd7 40. Kd6 Be8
41. Kc7 Kf8 42. Kb7 Bd7 43. Kxa6 Ke8 44. Bc7 Bc8+ 45. Kb6 Kd7 46. Be5 1-0

[Event "59581 I. Budapest Open"]
[Site "Budapest, Hungary"]
[Date "2011.08.28"]
[Round "9.11"]
[White "Sarkozi, Ferenc"]
[Black "Farkas, Laszlo"]
[Result "1-0"]
[WhiteElo "1939"]
[BlackElo "1911"]
[PlyCount "131"]
[EventDate "2011.??.??"]
 
1. f4 g6 2. Nf3 d6 3. e4 Bg7 4. Nc3 e6 5. Be2 Ne7 6. O-O c5 7. Kh1 Nbc6 8. d3
a6 9. a4 b6 10. Ng5 Nd4 11. Nb1 h6 12. Nf3 Nxe2 13. Qxe2 Bd7 14. e5 d5 15. c4
d4 16. Nbd2 Bc6 17. Ne4 O-O 18. Ng3 Qd7 19. b3 Qb7 20. Bd2 Rfe8 21. b4 Nf5 22.
bxc5 bxc5 23. Rfb1 Qc7 24. Ne4 Bd7 25. a5 Reb8 26. Nf6+ Kh8 27. Nxd7 Qxd7 28.
Qe1 Ne7 29. Qc1 Kh7 30. Rb2 Nc6 31. Rab1 Bf8 32. Rb6 Nb4 33. Bxb4 cxb4 34. c5
Rc8 35. c6 Qd5 36. Nd2 Qxa5 37. Rb7 Kg8 38. Ne4 Rc7 39. Nd6 Rd8 40. Nc4 Rxc6
41. Nxa5 Rxc1+ 42. Rxc1 Rd5 43. Nb3 g5 44. g3 Rd8 45. Ra7 Rd5 46. Rxa6 Kg7 47.
Rc7 Kg6 48. Kg2 gxf4 49. gxf4 h5 50. Kf3 Rd8 51. Ke4 h4 52. f5+ Kg5 53. fxe6
fxe6 54. Nxd4 Kg4 55. Nxe6 Re8 56. Nxf8 Rxf8 57. Rf6 Rb8 58. Rc2 b3 59. Rb2 Rb5
60. Rf4+ Kh3 61. Rf3+ Kg4 62. h3+ Kg5 63. d4 Ra5 64. Rfxb3 Ra1 65. Rg2+ Kh5 66.
Rb8 1-0

[Event "59581 I. Budapest Open"]
[Site "Budapest, Hungary"]
[Date "2011.08.28"]
[Round "9.12"]
[White "Bartuszek, Andras"]
[Black "Lajtos, Levente"]
[Result "1-0"]
[WhiteElo "1883"]
[BlackElo "1704"]
[PlyCount "77"]
[EventDate "2011.??.??"]
 
1. e4 c5 2. Nf3 d6 3. d4 cxd4 4. Nxd4 Nf6 5. Nc3 g6 6. Be3 Bg7 7. f3 O-O 8. Qd2
Nc6 9. O-O-O Bd7 10. Kb1 Rc8 11. g4 Ne5 12. h4 h5 13. g5 Ne8 14. Qe1 e6 15. f4
Nc4 16. Bc1 Qb6 17. Bxc4 Rxc4 18. Nb3 a5 19. e5 Bc6 20. Rh3 dxe5 21. fxe5 a4
22. Be3 Qb4 23. a3 Qe7 24. Na5 Rg4 25. Bb6 Nc7 26. Nxc6 bxc6 27. Ne4 Na6 28.
Nf6+ Bxf6 29. gxf6 Qb7 30. Ba5 Kh7 31. Qe3 Rb8 32. b3 axb3 33. cxb3 Ra4 34. Bd2
g5 35. Qxg5 Rg4 36. Qxh5+ Kg8 37. Qxg4+ Kf8 38. Bh6+ Ke8 39. Qg8# 1-0

[Event "59581 I. Budapest Open"]
[Site "Budapest, Hungary"]
[Date "2011.08.28"]
[Round "9.13"]
[White "Falucskai, Istvan Roland"]
[Black "Mihaly, Zoltan"]
[Result "1-0"]
[WhiteElo "1715"]
[BlackElo "1745"]
[PlyCount "55"]
[EventDate "2011.??.??"]
 
1. e4 c5 2. Nf3 Nc6 3. d4 cxd4 4. Nxd4 g6 5. Nxc6 bxc6 6. Qd4 f6 7. Bc4 e5 8.
Qd1 Ne7 9. Nc3 Bb7 10. O-O d5 11. Bb3 d4 12. Ne2 c5 13. Ng3 Nc6 14. f4 Bd6 15.
f5 Be7 16. Qg4 gxf5 17. Nxf5 Qd7 18. Be6 Qc7 19. Qg7 Rf8 20. Qxh7 Bd6 21. Qg6+
Kd8 22. Bh6 Re8 23. Nxd6 Qxd6 24. Rxf6 Ne7 25. Bf7 Nxg6 26. Rxd6+ Ke7 27. Rxg6
Kxf7 28. Rg7+ 1-0

[Event "59581 I. Budapest Open"]
[Site "Budapest, Hungary"]
[Date "2011.08.28"]
[Round "9.14"]
[White "Bodrogi, Laszlo"]
[Black "Szoukup, Istvan"]
[Result "1-0"]
[WhiteElo "2035"]
[BlackElo "1825"]
[PlyCount "66"]
[EventDate "2011.??.??"]
 
1. d4 Nf6 2. c4 e6 3. Nc3 Bb4 4. Qc2 O-O 5. e4 d5 6. cxd5 exd5 7. e5 Ne4 8. Bd3
f5 9. Nge2 c5 10. O-O Nc6 11. Nxd5 Be6 12. Ndf4 Bf7 13. e6 Be8 14. d5 Ne7 15.
Bxe4 fxe4 16. Qxe4 Qd6 17. a3 Ba5 18. b4 cxb4 19. Bd2 g5 20. axb4 Bc7 21. g3
gxf4 22. Nxf4 Rf5 23. Rac1 Re5 24. Qd4 Nxd5 25. Rxc7 Qxc7 26. Nxd5 Rxd5 27.
Qxd5 Rd8 28. Qg5+ Bg6 29. Bc3 Rc8 30. Be5 Qd8 31. e7 Qb6 32. Rd1 Re8 33. Rd6
Qxf2+ 1-0

[Event "59581 I. Budapest Open"]
[Site "Budapest, Hungary"]
[Date "2011.08.28"]
[Round "9.15"]
[White "Zsembery, Aron"]
[Black "Czimer, Jozsef"]
[Result "1/2-1/2"]
[WhiteElo "1856"]
[BlackElo "1750"]
[PlyCount "111"]
[EventDate "2011.??.??"]
 
1. e4 e5 2. Nf3 Nc6 3. Bb5 a6 4. Ba4 Nf6 5. O-O Be7 6. Re1 b5 7. Bb3 d6 8. c3
O-O 9. h3 Na5 10. Bc2 c5 11. d4 Qc7 12. d5 Bd7 13. Nbd2 Rfc8 14. b3 b4 15. c4
Nb7 16. Nf1 Qd8 17. Ng3 g6 18. Nh2 Bf8 19. f4 Ne8 20. Qf3 Bg7 21. f5 Rc7 22.
Ng4 Qh4 23. Be3 Nf6 24. Rf1 Rf8 25. Bd1 Nxg4 26. hxg4 Bh6 27. Bxh6 Qxh6 28. f6
Qg5 29. Be2 h6 30. Kf2 Kh7 31. Rh1 Rh8 32. Rh2 Kg8 33. Rah1 a5 34. Nf1 a4 35.
Qe3 Qxf6+ 36. Ke1 Qf4 37. Rxh6 Rxh6 38. Qxf4 exf4 39. Rxh6 axb3 40. axb3 g5 41.
Nd2 Kg7 42. Rh1 Na5 43. Kf2 Ra7 44. Ra1 Kf6 45. Ra2 Ra6 46. Rb2 Nb7 47. g3
fxg3+ 48. Kxg3 Kg7 49. Bf3 f6 50. Nf1 Ra1 51. Ne3 Nd8 52. Nf5+ Bxf5 53. exf5
Nf7 54. Be2 Ne5 55. Kg2 Kf7 56. Kf2 1/2-1/2

[Event "59581 I. Budapest Open"]
[Site "Budapest, Hungary"]
[Date "2011.08.28"]
[Round "9.16"]
[White "Pollak, Andras"]
[Black "Kalmar, Karoly"]
[Result "0-1"]
[WhiteElo "1700"]
[BlackElo "2023"]
[PlyCount "34"]
[EventDate "2011.??.??"]
 
1. d4 d5 2. Nf3 Nf6 3. Bf4 c5 4. e3 Qb6 5. b3 cxd4 6. exd4 Nc6 7. Be2 Bg4 8. c3
e6 9. O-O Be7 10. h3 Bh5 11. Re1 O-O 12. Qc2 Rac8 13. Be3 Bxf3 14. Bxf3 Nxd4
15. Bxd4 Qxd4 16. Qxh7+ Kxh7 17. cxd4 Rc2 0-1

[Event "59581 I. Budapest Open"]
[Site "Budapest, Hungary"]
[Date "2011.08.28"]
[Round "9.18"]
[White "Moharos, Viktor"]
[Black "Kokeny, Norbert Adrian"]
[Result "1-0"]
[WhiteElo "1523"]
[BlackElo "1574"]
[PlyCount "107"]
[EventDate "2011.??.??"]
 
1. d4 d5 2. e3 Nf6 3. c4 c6 4. Nc3 e6 5. a3 Be7 6. Nge2 O-O 7. Ng3 a6 8. Be2 b5
9. c5 Nbd7 10. b4 a5 11. Bd2 axb4 12. axb4 Bb7 13. f4 Rxa1 14. Qxa1 Qa8 15. Qb2
Qa7 16. O-O Ra8 17. f5 Qb8 18. Be1 e5 19. Nh5 Qc7 20. Bg3 Nxh5 21. Bxh5 f6 22.
Qf2 Ra3 23. Qb2 Ra8 24. Ne2 Qb8 25. Kh1 Bd8 26. Ng1 Bc7 27. Qf2 Ra4 28. Qd2 e4
29. Ne2 Bxg3 30. hxg3 Qa8 31. Nf4 Nf8 32. Qe1 Ra3 33. g4 Rb3 34. Qg3 Qa3 35. g5
Rxe3 36. Qh4 Nd7 37. Bf7+ Kxf7 38. Qxh7 Nf8 39. g6+ Ke8 40. Qxg7 Bc8 41. Qf7+
Kd8 42. Qxf8+ Kc7 43. Qd6+ Kb7 44. Qxf6 Qxb4 45. g7 Qc4 46. Kg1 Rg3 47. Ne6 Qe2
48. Qe7+ Ka8 49. Nc7+ Kb8 50. Na6+ Bxa6 51. Qe5+ Ka7 52. Qxg3 b4 53. Qc7+ Bb7
54. Qb6+ 1-0

[Event "59581 I. Budapest Open"]
[Site "Budapest, Hungary"]
[Date "2011.08.28"]
[Round "9.19"]
[White "Vinnay, Istvan"]
[Black "Horvath, Zoltan"]
[Result "1-0"]
[WhiteElo "1720"]
[BlackElo "1513"]
[PlyCount "67"]
[EventDate "2011.??.??"]
 
1. c4 Nf6 2. Nc3 g6 3. d4 Bg7 4. e4 d6 5. f3 O-O 6. Be3 e5 7. Nge2 Nc6 8. d5
Ne7 9. Rc1 a6 10. c5 Nh5 11. g4 Nf6 12. Ng3 c6 13. dxc6 Nxc6 14. Be2 Be6 15. a3
dxc5 16. Bxc5 Qxd1+ 17. Rxd1 Rfd8 18. Kf2 Bb3 19. Bb6 Rxd1 20. Bxd1 Bc4 21. Ba4
Nd7 22. Be3 b5 23. Bc2 b4 24. axb4 Nxb4 25. Bb1 Rc8 26. Rd1 Nb6 27. Nd5 N4xd5
28. exd5 Nd7 29. Ne4 Bf8 30. Rc1 a5 31. Bd3 Nc5 32. Bxc4 Nd3+ 33. Bxd3 Rxc1 34.
Bxc1 1-0